Management Information System (Record no. 3518)

MARC details
000 -LEADER
fixed length control field 00463nam a22001577a 4500
008 - FIXED-LENGTH DATA ELEMENTS--GENERAL INFORMATION
fixed length control field 250515b |||||||| |||| 00| 0 eng d
020 ## - INTERNATIONAL STANDARD BOOK NUMBER
ISBN 9781119588610
100 ## - MAIN ENTRY--AUTHOR
Author Rainer, Kelly
245 ## - TITLE STATEMENT
Title Management Information System
250 ## - EDITION STATEMENT
Edition statement 4th Ed.
260 ## - PUBLICATION, DISTRIBUTION, ETC. (IMPRINT)
Place of publication Hoboken, New Jersey
Name of publisher John Wiley and Sons
Date of publication 2017
300 ## - COLLATION
Pagination xvii, 514p.
Other physical details ill.
650 ## - TRACINGS
Main Subject Management Information System
Subdivision (1st) Computers/information Technology
942 ## - ADDED ENTRY ELEMENTS (KOHA)
Item type Books
050 ## - LIBRARY OF CONGRESS CALL NUMBER
Classification number HD30.213
Item number .R35
Holdings
Source of classification or shelving scheme Not for loan Permanent location Current location Date acquired Accession No. Full call number Barcode. Koha item type
Library of Congress Classification   Samuel Ogbemudia Main Library, University of Abuja Samuel Ogbemudia Main Library, University of Abuja 05/15/2025 2024/64112 HD30.213.R35 2025-1991 Books